| 000 | 00527nam a22001697a 4500 | ||
|---|---|---|---|
| 003 | NUST | ||
| 038 | _aNusrat Nadeem | ||
| 082 | _a200 | ||
| 100 |
_aNaqi, Ali Imtisal _9122993 |
||
| 245 |
_aFoodExpress – foodpanda Collaboration with Bus Services / _cAli Imtisal Naqi |
||
| 264 |
_aIslamabad, _bNBS NUST, _c2024. |
||
| 300 |
_a61,p; _bill; _c30,cm. |
||
| 650 |
_aExecutive MBA _9120079 |
||
| 700 |
_aSupervisor:Dr. Zaryab Sheikh _9120106 |
||
| 856 | _uhttp://10.250.8.41:8080/xmlui/handle/123456789/43496 | ||
| 942 |
_2ddc _cTHE |
||
| 999 |
_c609339 _d609339 |
||